| 000 | 00687nam a2200181Ia 4500 | ||
|---|---|---|---|
| 003 | OSt | ||
| 005 | 20250505132845.0 | ||
| 008 | 160316s2013 xxu||||| |||| 00| 0 eng d | ||
| 040 | _c. | ||
| 082 |
_a344.010000 _bNAT |
||
| 100 | _a | ||
| 245 | _aTraining programme for management trainees (Legal): Source material, 16-9-2013 to 11-10-2013 | ||
| 260 |
_aBangalore _bNational Law School of India University _c2013 |
||
| 650 | _a1. Division of law2. Study of law3. Constitution4. Administrative law5. Property law6. Public Interest Litigation7. Right to Information8. Anti-dumping | ||
| 700 |
_a _a |
||
| 856 | _uhttp://opac.nls.ac.in:8081/xmlui/handle/123456789/2328 | ||
| 942 |
_2ddc _cBK |
||
| 999 |
_c36019 _d36019 |
||